Surface Engineering and Functional Nanomaterials for Point-of-Care Analytical Devices /

Guardado en:
Detalles Bibliográficos
Autor principal: Purohit, Buddhadev (edición)
Otros autores: Chandra, Pranjal (edición) (edición)
Formato: Libro
Idioma:Inglés
Publicado: Singapur : Springer, 2023, c2023
Temas:
Acceso en línea:Ver documento en línea
Etiquetas: Agrega una etiqueta
Sin etiquetas, Sé el primero en etiquetar este registro!

MARC

LEADER 00000nam^a2200000^a^4500
001 000631221
005 20260415164945.0
009 20260415195741.268
020 |a 978-981-99-3025-8 
037 |a Acervo ITESO - Biblioteca 
041 |a ING 
082 |a 610. 28  |b PUR 
100 |a Purohit, Buddhadev  |e (edición) 
245 1 0 |a Surface Engineering and Functional Nanomaterials for Point-of-Care Analytical Devices /  |c E. de B. Purohit, P. Chandra. 
264 4 |a Singapur :  |b Springer,  |c 2023, c2023 
264 2 |a Cham, Suiza :  |b Springer Link [distribución],  |c 2026, c2026 
300 |a 1 libro electrónico en línea (XIII, 344 p.) 
300 |a 1 recurso en línea 
336 |a datos para computadora  |b cod  |2 rdacontenido 
337 |a computadora  |b c  |2 rdamedio 
338 |a recurso en línea  |b cr  |2 rdasoporte 
506 0 |a Licencias ilimitadas 
521 |a 2025 BO Licenciatura en Ingeniería en Nanotecnología 
649 |a XX 
650 |a Materiales Nanoestructurados -  |x Tema Principal 
650 |a Sensores Biomédicos -  |x Tema Principal 
650 |a Sensores 
650 |a Nanotecnología 
650 |a Ingeniería Biomédica 
700 |a Chandra, Pranjal  |e (edición) 
856 4 0 |u https://link-springer-com.ezproxy.iteso.mx/10.1007/978-981-99-3025-8  |y Ver documento en línea 
910 |a Fondo General 
920 |a Electrónicos - Libros en Línea 
930 |a Plataforma Digital 
905 |a 205 
902 |a https://opac.biblio.iteso.mx/vufind/Record/000631221